000 00283nam a2200121Ia 4500
008 191201s2019 xx 000 0 und d
082 _a005.133
_bKAC
100 _aKANETKAR, Yashavant
245 0 _aC Pearls
260 _bBPB Publication
_aNEW DELHI
300 _a291
942 _2ddc
_cBK
999 _c7857
_d7857